000 00396nam a22001697a 4500
003 MPLRDC
005 20220104114557.0
008 210129b ||||| |||| 00| 0 eng d
082 _a012.6 HWJ
100 _a胡文楷
245 _a历代妇女著作考
_c
250 _a一版一刷
260 _a
_b商务印书馆
_c1957
300 _b
650 _a知见书目
942 _cBK
_o012.6 HWJ
999 _c8571
_d8561